000 00467nam a2200181Ia 4500
008 090124s9999 xx 000 0 und d
082 _b45610
100 _aठाकूर दिलीप
245 _a आडपडदा
250 _a1
260 _c2006
300 _a215+03
600 _aठाकूर दिलीप
630 _a आडपडदा
700 _aठाकूर दिलीप
730 _a आडपडदा
942 _cBOOK
999 _c111834
_d111834